00663nam a22001697a 4500008004100000050002200041100002300063245019800086260004700284300002700331504003800358650001400396650002100410650002600431650002200457650001400479190520b xxu||||| |||| 00| 0 eng d aLC 191b.I78 1981 aIshumi, Abel G. M. aCommunity education and development : ba study in the problems of harnessing community education and development efforts among rural and peri-urban communities in Tanzania /cAbel G. M. Ishumi aNairobi :bKenya Literature Bureau;c1981. a238p. :bill. ;c22cm. ainclude bibliographic references. aTanzania. aAdult education. aCommunity and school. aEducation, Rural. aLiteracy.